NFU welcomes leaflet initiative (Record no. 70703)

MARC details
000 -LEADER
fixed length control field 00621cam a2200181 4500
001 - CONTROL NUMBER
control field WB3825-19
008 - FIXED-LENGTH DATA ELEMENTS--GENERAL INFORMATION
fixed length control field 020710n2002 000 0 eng u
035 ## - SYSTEM CONTROL NUMBER
System control number (Sirsi) u118764
245 ## - TITLE STATEMENT
Title NFU welcomes leaflet initiative
260 ## - PUBLICATION, DISTRIBUTION, ETC.
Date of publication, distribution, etc. 2002
490 ## - SERIES STATEMENT
Series statement NFU Press Release
Volume/sequential designation 8 July 2002, (2)
520 ## - SUMMARY, ETC.
Summary, etc. NFU has welcomed launch of DEFRA leaflet "Don't bring back more than you bargained for" , which reminds holidaymakers of restrictions still in place for border controls. www.nfu.org.uk/pr/4027227/imports.htm
590 ## - LOCAL NOTE (RLIN)
Local note WB
650 ## - SUBJECT ADDED ENTRY--TOPICAL TERM
Topical term or geographic name entry element BORDERS
650 ## - SUBJECT ADDED ENTRY--TOPICAL TERM
Topical term or geographic name entry element IMPORTS
690 ## - LOCAL SUBJECT ADDED ENTRY--TOPICAL TERM (OCLC, RLIN)
Topical term or geographic name as entry element Rural
9 (RLIN) 6268
942 ## - ADDED ENTRY ELEMENTS (KOHA)
Suppress in OPAC 0
Holdings
Withdrawn status Lost status Source of classification or shelving scheme Damaged status Not for loan Home library Current library Shelving location Date acquired Total Checkouts Full call number Barcode Date last seen Copy number Price effective from Koha item type
    Dewey Decimal Classification     London London News article 10/07/2002   WB3825-19 118764-1001 06/08/2019 1 06/08/2019 News article